000 00367nam a2200145Ia 4500
008 230917s9999||||xx |||||||||||||| ||und||
040 _e194052
_aMAIN
041 _aEnglish
082 _a338.4791 C393T
100 _aChaudhary, Manjula
245 0 _aTourism marketing
260 _aNew Delhi
_bOxford University Press
_c2010
300 _axiv, 390 p.
942 _cBK
999 _c164787
_d164787